000 02453cam a22004454i 4500
003 PE-LiUPU
005 20250731165408.0
008 151016s2014 pe a grm 000 0 spa d
035 _a(Sirsi) a154895
040 _aPE-LiUPU
_bspa
_cPE-LiUPU
_erda
099 _aTF 3
_bL96 2014
100 1 _aLuna Atuesta, Manuel
_eautor
245 1 _aClima social familiar y su relación con el rendimiento académico en estudiantes de sexto grado de padres separados y/o divorciados en la Institución Educativa INEM Custodio García Rovira de Bucaramanga, Colombia, 2013 /
_cManuel Luna Atuesta.
264 0 _c2014.
300 _a148 hojas :
_bilustraciones;
_c30 cm
336 _atext
_2rdacontent
337 _aunmediated
_2rdamedia
338 _avolume
_2rdacarrier
502 _aTesis
_b(Mg.) --
_cUniversidad Peruana Unión,
_d2014.
504 _aIncluye referencias bibliográficas
520 3 _aLa presente investigación abordó el problema general: la relación que existe entre clima social familiar y el rendimiento académico en estudiantes de sexto grado de padres separados o divorciados de la Institución Educativa Inem Custodio García Rovira de Bucaramanga, Colombia, 2013; y el objetivo general: determinar la relación de asociación existente entre clima social familiar y el rendimiento académico en estudiantes de sexto grado de padres separados o divorciados de la Institución Educativa Inem Custodio García Rovira de Bucaramanga Colombia, 2013. La investigación es de tipo descriptivo -correlacional, el diseño es no experimental y de corte transversal. La muestra es probabilística, de tipo estratificada; estuvo formado por una muestra de 136 estudiantes encuestados. Para la recolección de datos, se utilizó el instrumento de la escala de clima social en la familia (Family Environment Scale Fes de Moos, 1984) que consta de noventa ítems.
526 _aSEG44
526 _aSEG26
526 _aP151
526 _aP150
526 _aP149
526 _aP146
526 _aP145
526 _aP126
526 _aP125
526 _aP92
526 _aP75
526 _aP74
526 _aP27
526 _aP15
650 0 4 _aEducación primaria
_xFamilias monoparentales
_xRendimiento académico
596 _a1
942 _2ddc
_cTESIS
999 _aTF 3 L96 2014
_wALPHANUM
_c7588
_iT01786
_lCCODEBUL3
_mBUL
_r1
_sY
_tTESIS
_u2015-10-16
_xPOSGRADO
_PP54
_o.STAFF. Tesis
_d7588
980 _81
_gALBERTO SANCHEZ Responsable de Automatización